| 000 | 01232cam a2200361 a 4500 | ||
|---|---|---|---|
| 999 |
_c149 _d149 |
||
| 001 | 15418123 | ||
| 003 | OSt | ||
| 005 | 20191031152302.0 | ||
| 008 | 080819s2009 njua b 001 0 eng | ||
| 010 | _a 2008036127 | ||
| 015 |
_aGBA8B8631 _2bnb |
||
| 015 |
_aGBA930225 _2bnb |
||
| 016 | 7 |
_a014777215 _2Uk |
|
| 016 | 7 |
_a014937256 _2Uk |
|
| 020 | _a9780470388259 (cloth) | ||
| 020 | _a0470388250 (cloth) | ||
| 020 | _a9780470398425 (pbk.) | ||
| 020 | _a0470398426 (pbk.) | ||
| 035 | _a(OCoLC)ocn234432303 | ||
| 040 |
_aDLC _cDLC _dBTCTA _dBAKER _dUKM _dYDXCP _dC#P _dBWX _dCDX _dCUX _dAGL _dDLC |
||
| 082 | 0 | 0 |
_a576.5 _222 _bSNN 2010 |
| 100 | 1 |
_aSnustad, D. Peter; Simmons, Michael J. _9403 |
|
| 245 | 1 | 0 | _aPrinciples of Genetics |
| 250 | _a5th ed. | ||
| 260 |
_aHoboken, NJ : _bJohn Wiley & Sons, _cc2009. |
||
| 300 |
_axix, 823 p. : _bcol.ill.; _c28 cm. |
||
| 504 | _aIncludes bibliographical references and index. | ||
| 650 | 0 |
_aGenetics. _9404 |
|
| 856 | 4 | 1 |
_3Table of contents only _uhttp://www.loc.gov/catdir/toc/ecip0826/2008036127.html |
| 906 |
_a7 _bcbc _corignew _d1 _eecip _f20 _gy-gencatlg |
||
| 942 |
_2z _cB_BANK |
||